Nomeie todas as equipas da Liga Portuguesa Futebol Masculino 2024 2025 - Statistics

Estatísticas Gerais
  • Esse quiz foi jogado 102 vezes
  • A pontuação média é 6 de 18
Estatísticas das Respostas
Resposta % Correto
Benfica
98%
Sporting
95%
FC Porto
56%
Boavista
46%
Casa Pia
44%
Arouca
40%
Famalicão
40%
Santa Clara
37%
Estoril
34%
Nacional
33%
Gil Vicente
30%
Farense
28%
Rio Ave
26%
Moreirense
23%
Sp. Braga
10%
AVS SAD
4%
V. Guimarães
4%
CF Estrela Amadora
1%
Nenhum quiz correspondente encontrado
Distribuição das Pontuações
Porcentagem de Pessoas com Cada Pontuação
Percentil de Números Respondidos
Sua Pontuação Histórica
Você não jogou esse quiz